Physics with Intersecting Storage Rings (Record no. 3876)

MARC details
000 -LEADER
fixed length control field 00690nam a2200217Ia 4500
003 - CONTROL NUMBER IDENTIFIER
control field IN-BaIIA
008 - FIXED-LENGTH DATA ELEMENTS--GENERAL INFORMATION
fixed length control field 211028s9999 xx 000 0 eng d
020 ## - INTERNATIONAL STANDARD BOOK NUMBER
International Standard Book Number 0-12-368845-9
040 ## - CATALOGING SOURCE
Transcribing agency IIA Library
080 ## - UNIVERSAL DECIMAL CLASSIFICATION NUMBER
Universal Decimal Classification number 063:53
Item number ENF-46
110 ## - MAIN ENTRY--CORPORATE NAME
Corporate name or jurisdiction name as entry element International School of Physics
9 (RLIN) 6891
245 #0 - TITLE STATEMENT
Title Physics with Intersecting Storage Rings
Statement of responsibility, etc. edited by B. Touschek
260 ## - PUBLICATION, DISTRIBUTION, ETC.
Place of publication, distribution, etc. New York
Name of publisher, distributor, etc. Academic Press
Date of publication, distribution, etc. 1971
300 ## - PHYSICAL DESCRIPTION
Extent xiv, 611p.
490 ## - SERIES STATEMENT
Series statement Proceedings of the international school of physics; course. 46
650 ## - SUBJECT ADDED ENTRY--TOPICAL TERM
Topical term or geographic name entry element Astronomy and Astrophysics Thesaurus
650 ## - SUBJECT ADDED ENTRY--TOPICAL TERM
Topical term or geographic name entry element High Energy Physics
9 (RLIN) 2205
650 ## - SUBJECT ADDED ENTRY--TOPICAL TERM
Topical term or geographic name entry element Kinematics
9 (RLIN) 1556
700 ## - ADDED ENTRY--PERSONAL NAME
Personal name Touschek, B., ed.
9 (RLIN) 6892
942 ## - ADDED ENTRY ELEMENTS (KOHA)
Koha item type Books
Holdings
Withdrawn status Lost status Damaged status Not for loan Home library Current library Shelving location Date acquired Cost, normal purchase price Total Checkouts Full call number Barcode Date last seen Cost, replacement price Price effective from Koha item type Purchase Price
        IIA Library-Bangalore IIA Library-Bangalore General Stacks 01/01/1972 196.75   063:53/ ENF-46 4328 05/11/2021 196.75 01/01/1972 Books Rs. 196.75

Powered by Koha